000 00700cam a2200229 4500
001 E116553
008 020131n2002 000 0 eng u
035 _a(Sirsi) u125149
041 _aeng
110 _aRoyal Institution of Chartered Surveyors
_bScotland
_93082
245 _aScottish Parliament: local government committee - Scottish public sector ombudsman bill
260 _aEdinburgh
_bRICS Scotland
_c2002
300 _a2p. ; 30cm.
490 _aPPU/REPORT
_v02(01)
520 _a8 January 2002. Response to the Scottish Parliament.
650 _aOMBUDSMAN
650 _aPPU REPORT
650 _aPUBLIC SECTOR
650 _aSCOTLAND
690 _aLOCAL GOVERNMENT
942 _n0
999 _c103358
_d103358